000
00298nam a22001337a 4500
008
181126b xxu||||| |||| 00| 0 eng d
020
_a
9780471465928
041
_a
eng
080
_2
4 TH
_a
573
100
_a
11
101
_a
BIO
245
_a
Cell Molecular Biology
_c
Karp.G
942
_2
udc
_c
BK
999
_c
52487
_d
52487